Four papers on probability

Saved in:
Bibliographic Details
Other Authors: Chung, Kai Lai 1917-
Format: Book
Language:English
Published: Providence, Rhode island : American Mathematical Society, 1951
Series:Memoirs of the American Mathematical Society ; ; 6
Subjects:
Tags: Add Tag
No Tags, Be the first to tag this record!

MARC

LEADER 00000nam a2200000 i 4500
001 1/45183
008 941103s1951 eng d
020 |z 0-8218-1206-0 
035 |a 1993  |l 10042475 
040 |a GR-MY-UA  |b gre  |e aacr 
041 0 |a eng 
082 0 |a 519.2 
245 1 0 |a Four papers on probability /  |c K. L. Chung...[et al.] 
260 |a Providence, Rhode island :   |b American Mathematical Society,   |c 1951 
300 |a 1 v (various pagings);  |c 26 εκ. 
490 1 |a Memoirs of the American Mathematical Society  |v ; 6 
500 |a On the distribution of values of sums of random variables -- Probability limit theorems assuming only the first moment I -- Remarks on fluctuations of sums of independent random variables -- An invariance principle for certain probability limit theorems 
504 |a Περιέχει βιβλιογραφικές αναφορές 
650 0 0 |a Probabilities. 
700 1 |a Chung, Kai Lai  |d 1917- 
830 0 |a Memoirs of the American Mathematical Society ;  |v ; 6 
852 |a INST  |b SAMOS  |e 19941103  |h 519.2 FOU  |p 005300002509  |q 005300002509  |t BK  |y 0 
909 |a Σ  |b 030484